| 000 | 00995cam a22003257a 4500 | ||
|---|---|---|---|
| 003 | CHAP | ||
| 005 | 20220329140224.0 | ||
| 008 | 971013s1911 r 00010 d | ||
| 010 | _a48765 | ||
| 011 | _a49737 | ||
| 035 | _a53887 | ||
| 040 | _cCHAP | ||
| 090 | _aFolleto 3469 | ||
| 100 | 0 | 0 |
_aRiquelme Inda, Julio. _997503 |
| 245 | 1 | 3 | _aEl gusano de los sauces (Clisiocampa azteca Neum) |
| 260 |
_aMéxico, D. F. : _bEstación Agrícola Central, _c1911 |
||
| 300 | _a16 p. mapa | ||
| 490 | 0 |
_aBoletín _v; 63 |
|
| 590 |
_aBATCH-UPD _b10 _c20130110 _lUCH01 _h0220 |
||
| 590 |
_aBATCH-UPD _b10 _c20130110 _lUCH01 _h1703 |
||
| 590 |
_aBATCH-UPD _b10 _c20130410 _lUCH01 _h1051 |
||
| 590 |
_aBATCH-UPD _b10 _c20130914 _lUCH01 _h0651 |
||
| 590 |
_aCONVERSION _b10 _c20130109 _lUCH01 _h1327 |
||
| 650 | 1 | 4 |
_aMalacosoma azteca. _969977 |
| 650 | 1 | 4 |
_aSauce _xPlagas. _9102713 |
| 830 | 0 |
_aBoletín _v; 63 _913507 |
|
| 901 | _aBK | ||
| 942 | _cFOLL | ||
| 949 |
_aFolleto 3469 _bBC _cBPP _d-119223 _eBPP _i53887 _si |
||
| 999 |
_c48765 _d48765 |
||